Total quality management (Record no. 2906)
[ view plain ]
| 000 -LEADER | |
|---|---|
| fixed length control field | 00586nam a22001577a 4500 |
| 020 ## - INTERNATIONAL STANDARD BOOK NUMBER | |
| ISBN | 818574999x |
| 020 ## - INTERNATIONAL STANDARD BOOK NUMBER | |
| ISBN | 9788185749990 |
| 050 ## - CALL NUMBER | |
| Classification number | HD62.15 |
| Item number | .A76 |
| 100 ## - AUTHOR | |
| Personal name | ARORA K. C. |
| 245 ## - TITLE | |
| Title | Total quality management |
| Statement of responsibility, etc | K. C. ARORA |
| 260 ## - PUBLICATION INFORMATION | |
| Place of publication | New Delhi |
| Name of publisher | S.K.Kantaria & sons |
| Year of publication | 2010 |
| 300 ## - DESCRIPTION | |
| Number of Pages | 1316p. |
| 505 ## - FORMATTED CONTENTS NOTE | |
| Table of Content | 1. Introduction to ISO9000 and total quality management-Taguchi methods<br/>2. Quality control, total quality control<br/>3. Total waste elimination(5-s, maintenance, MH, setup, JIT)<br/>4. Total employee involvement |
| 650 ## - SUBJECTS | |
| Topical Term | Total quality management. |
| 942 ## - ADDED ENTRY ELEMENTS (KOHA) | |
| Koha item type | Books |
| Withdrawn status | Lost status | Collection code | Home library | Current library | Shelving location | Date acquired | Full call number | Accession Number | Koha item type |
|---|---|---|---|---|---|---|---|---|---|
| Reference | Methodist University Library Main | Methodist University Library Main | General Stacks | 27/04/2012 | HD62.15.A76 | 36012 | Books | ||
| Reference | Methodist University Library Main | Methodist University Library Main | General Stacks | 27/04/2012 | HD62.15.A76 | 36013 | Books | ||
| Reference | Methodist University Library Main | Methodist University Library Main | General Stacks | 27/04/2012 | HD62.15.A76 | 36014 | Books |